|
|
|
|
| LEADER |
00000nab a2200000 a 4500 |
| 001 |
vtls000902669 |
| 003 |
SK-MaSNL |
| 005 |
20260304010235.0 |
| 008 |
040720e19981222xo 0 slo |
| 035 |
|
|
|a KE11642
|
| 040 |
|
|
|a KEVKJB
|b slo
|c KEVKJB
|e AACR2
|
| 041 |
0 |
|
|a slo
|
| 044 |
|
|
|a xo
|c SK
|
| 080 |
|
|
|a 324
|2 1981
|
| 080 |
|
|
|a 329
|2 1981
|
| 100 |
0 |
|
|a boa
|4 aut
|9 879259
|
| 245 |
1 |
0 |
|a Koho sme zvolili do miestnych zastupiteľstiev
|
| 650 |
0 |
7 |
|a komunálne voľby
|2 SNKPH
|9 4164
|
| 650 |
0 |
7 |
|a miestne zastupiteľstvá
|2 SNKPH
|9 873836
|
| 650 |
0 |
7 |
|a politické strany
|2 SNKPH
|9 3589
|
| 650 |
0 |
7 |
|a poslanci
|2 SNKPH
|9 1797
|
| 650 |
0 |
7 |
|a informácie
|2 SNKPH
|9 1285
|
| 651 |
|
7 |
|a Staré Mesto (Košice I, Slovensko)
|2 SNKPHgeo
|9 160203
|
| 651 |
|
7 |
|a Nad jazerom (Košice IV, Slovensko)
|2 SNKPHgeo
|9 160202
|
| 651 |
|
7 |
|a Košice (Slovensko)
|2 SNKPHgeo
|9 18694
|
| 651 |
|
7 |
|a KE,
|2 KEVKJB
|9 877256
|
| 655 |
|
7 |
|a periodikum
|2 SNKPH
|9 29553
|
| 700 |
0 |
0 |
|a lia
|4 aut
|9 873412
|
| 773 |
0 |
8 |
|t Košický večer
|g Roč. 9
|g Roč. 30, č.246, 22.12.1998, s. 3
|
| 852 |
|
|
|a ZVYKNI
|b KIS3GCP
|
| 999 |
|
|
|c 2559939
|d 2561869
|